Podaj kraj ORAZ stolicę na podstawie flagi - Statystyki

Ogólne statystyki
  • Ten quiz został rozwiązany 39 razy
  • Średni wynik to 273 z 392
Statystyki odpowiedzi
Obrazkowy Odpowiedź % Poprawnych
Nepal
100%
Berlin
94%
Chorwacja
94%
Francja
94%
Indie
94%
Kijów
94%
Niemcy
94%
Paryż
94%
Słowenia
94%
Ukraina
94%
Zagrzeb
94%
Australia
88%
Bukareszt
88%
Bułgaria
88%
Estonia
88%
Finlandia
88%
Kazachstan
88%
Korea Południowa
88%
Kuba
88%
Norwegia
88%
Oslo
88%
Rumunia
88%
Seul
88%
Sofia
88%
Stany Zjednoczone
88%
Sztokholm
88%
Szwecja
88%
Zjednoczone Emiraty Arabskie
88%
Algieria
82%
Amsterdam
82%
Arabia Saudyjska
82%
Ateny
82%
Austria
82%
Białoruś
82%
Brazylia
82%
Chiny
82%
Czechy
82%
Dublin
82%
Egipt
82%
Grecja
82%
Gruzja
82%
Helsinki
82%
Hiszpania
82%
Holandia
82%
Indonezja
82%
Irak
82%
Irlandia
82%
Islandia
82%
Izrael
82%
Japonia
82%
Jerozolima
82%
Kamerun
82%
Kanada
82%
Liechtenstein
82%
Londyn
82%
Madagaskar
82%
Madryt
82%
Meksyk
82%
Meksyk
82%
Mińsk
82%
Mołdawia
82%
Monako
82%
Monako
82%
Moskwa
82%
Nowa Zelandia
82%
Polska
82%
Republika Południowej Afryki
82%
Rosja
82%
Rzym
82%
Sri Lanka
82%
Tokio
82%
Tunezja
82%
Warszawa
82%
Waszyngton
82%
Wenezuela
82%
Wiedeń
82%
Wielka Brytania
82%
Wietnam
82%
Włochy
82%
Albania
76%
Angola
76%
Ankara
76%
Argentyna
76%
Armenia
76%
Azerbejdżan
76%
Bangladesz
76%
Belgia
76%
Belgrad
76%
Bośnia i Hercegowina
76%
Brasília
76%
Bruksela
76%
Budapeszt
76%
Buenos Aires
76%
Chile
76%
Cypr
76%
Dania
76%
Ekwador
76%
Fidżi
76%
Hanoi
76%
Iran
76%
Jamajka
76%
Katar
76%
Katmandu
76%
Kirgistan
76%
Kiszyniów
76%
Kongo
76%
Kopenhaga
76%
Korea Północna
76%
Kuwejt
76%
Lizbona
76%
Łotwa
76%
Lublana
76%
Macedonia Północna
76%
Mali
76%
Malta
76%
Mongolia
76%
Nigeria
76%
Nowe Delhi
76%
Oman
76%
Ottawa
76%
Panama
76%
Papua-Nowa Gwinea
76%
Pekin
76%
Portugalia
76%
Praga
76%
Ryga
76%
San Marino
76%
San Marino
76%
Serbia
76%
Seszele
76%
Sierra Leone
76%
Singapur
76%
Skopje
76%
Słowacja
76%
Szwajcaria
76%
Tadżykistan
76%
Tajlandia
76%
Tallinn
76%
Tanzania
76%
Tonga
76%
Tunis
76%
Turcja
76%
Urugwaj
76%
Vaduz
76%
Valletta
76%
Watykan
76%
Węgry
76%
Zimbabwe
76%
Afganistan
71%
Algier
71%
Andora
71%
Antananarywa
71%
Antigua i Barbuda
71%
Bagdad
71%
Bahrajn
71%
Baku
71%
Bangkok
71%
Barbados
71%
Berno
71%
Bratysława
71%
Burkina Faso
71%
Burundi
71%
Canberra
71%
Czarnogóra
71%
Dominikana
71%
Dżibuti
71%
Dżibuti
71%
Etiopia
71%
Gabon
71%
Gambia
71%
Ghana
71%
Gwatemala
71%
Haiti
71%
Hawana
71%
Honduras
71%
Jordania
71%
Kabul
71%
Kair
71%
Kambodża
71%
Kenia
71%
Kingston
71%
Kiribati
71%
Komory
71%
Kosowo
71%
Kostaryka
71%
Laos
71%
Lesotho
71%
Liban
71%
Liberia
71%
Lima
71%
Litwa
71%
Luksemburg
71%
Luksemburg
71%
Malawi
71%
Malediwy
71%
Maroko
71%
Mauretania
71%
Mjanma
71%
Mozambik
71%
Namibia
71%
Nauru
71%
Niger
71%
Nikozja
71%
Palau
71%
Panama
71%
Paragwaj
71%
Peru
71%
Pjongjang
71%
Podgorica
71%
Republika Środkowoafrykańska
71%
Reykjavík
71%
Rwanda
71%
Saint Kitts i Nevis
71%
Saint Lucia
71%
Samoa
71%
Sarajewo
71%
Senegal
71%
Somalia
71%
Syria
71%
Tbilisi
71%
Teheran
71%
Tirana
71%
Togo
71%
Uganda
71%
Uzbekistan
71%
Watykan
71%
Wellington
71%
Wilno
71%
Wyspy Marshalla
71%
Abu Zabi
65%
Andora
65%
Astana
65%
Asunción
65%
Bahamy
65%
Belize
65%
Benin
65%
Bhutan
65%
Biszkek
65%
Bogota
65%
Boliwia
65%
Botswana
65%
Brunei
65%
Caracas
65%
Czad
65%
Dakar
65%
Damaszek
65%
Demokratyczna Republika Konga
65%
Dhaka
65%
Doha
65%
Dominika
65%
Duszanbe
65%
Dżakarta
65%
Erytrea
65%
Erywań
65%
Eswatini
65%
Filipiny
65%
Grenada
65%
Gujana
65%
Gwatemala
65%
Gwinea
65%
Gwinea Bissau
65%
Gwinea Równikowa
65%
Jemen
65%
Kolumbia
65%
Kuwejt
65%
Libia
65%
Malezja
65%
Mikronezja
65%
Monrovia
65%
Nairobi
65%
Nikaragua
65%
Pakistan
65%
Port Moresby
65%
Pretoria | Kapsztad | Bloemfontein
65%
Prisztina
65%
Quito
65%
Republika Zielonego Przylądka
65%
Saint Vincent i Grenadyny
65%
Salwador
65%
San Salvador
65%
Santiago
65%
Singapur
65%
Sudan Południowy
65%
Surinam
65%
Tajpej
65%
Tajwan
65%
Timor Wschodni
65%
Trynidad i Tobago
65%
Turkmenistan
65%
Ułan Bator
65%
Vanuatu
65%
Wybrzeże Kości Słoniowej
65%
Wyspy Salomona
65%
Wyspy Świętego Tomasza i Książeca
65%
Zambia
65%
Addis Abeba
59%
Akra
59%
Amman
59%
Apia
59%
Asmara
59%
Aszchabad
59%
Bamako
59%
Bejrut
59%
Bissau
59%
Dili
59%
Dżuba
59%
Gaborone
59%
Islamabad
59%
Jamusukro
59%
Jaunde
59%
Kigali
59%
Kinszasa
59%
Kuala Lumpur
59%
La Paz | Sucre
59%
Lomé
59%
Luanda
59%
Male
59%
Manila
59%
Mauritius
59%
Mogadiszu
59%
Montevideo
59%
Nassau
59%
Niamey
59%
Paramaribo
59%
Port-of-Spain
59%
Rabat
59%
Rijad
59%
Sana
59%
São Tomé
59%
Sri Dźajawardanapura Kotte
59%
Sudan
59%
Suva
59%
Taszkent
59%
Tegucigalpa
59%
Trypolis
59%
Tuvalu
59%
Wagadugu
59%
Wientian
59%
Windhuk
59%
Abudża
53%
Bandżul
53%
Belmopan
53%
Brazzaville
53%
Bridgetown
53%
Castries
53%
Chartum
53%
Dodoma
53%
Georgetown
53%
Harare
53%
Honiara
53%
Kampala
53%
Kingstown
53%
Konakry
53%
Libreville
53%
Lusaka
53%
Majuro
53%
Managua
53%
Manama
53%
Maputo
53%
Maseru
53%
Maskat
53%
Moroni
53%
Nawakszut
53%
Ndżamena
53%
Phnom Penh
53%
Port-au-Prince
53%
Port Louis
53%
Porto-Novo | Cotonou
53%
Port Vila
53%
Praia
53%
Roseau
53%
Saint George's
53%
Saint John’s
53%
San José
53%
Santo Domingo
53%
Tarawa
53%
Thimphu
53%
Bangi
47%
Basseterre
47%
Freetown
47%
Funafuti
47%
Gitega
47%
Lilongwe
47%
Mbabane
47%
Palikir
47%
Wiktoria
47%
Yaren
47%
Bandar Seri Begawan
41%
Ciudad de la Paz
41%
Naypyidaw
41%
Ngerulmud
41%
Nuku'alofa
41%
Nie znaleziono quizów pasujących do podanych kryteriów
Rozkład punktacji
Procent ludzi z każdym wynikiem
Percentyl według liczby udzielonych odpowiedzi
Twoja historia wyników
Nie rozwiązałeś tego quizu